Welcome to WEB OPAC of MRSPTU Central Library

Economics of Farm Production and Management (Record no. 10404)

MARC details
000 -LEADER
fixed length control field 00457nam a22001937a 4500
003 - CONTROL NUMBER IDENTIFIER
control field OSt
005 - DATE AND TIME OF LATEST TRANSACTION
control field 20241029122417.0
008 - FIXED-LENGTH DATA ELEMENTS--GENERAL INFORMATION
fixed length control field 241029b |||||||| |||| 00| 0 eng d
040 ## - CATALOGING SOURCE
Transcribing agency MRSPTU
041 ## - LANGUAGE CODE
Language code of text/sound track or separate title ENG
082 ## - DEWEY DECIMAL CLASSIFICATION NUMBER
Classification number 338.17
Item number RA-E
100 ## - MAIN ENTRY--PERSONAL NAME
Personal name Raju, V.T.
245 ## - TITLE STATEMENT
Title Economics of Farm Production and Management
260 ## - PUBLICATION, DISTRIBUTION, ETC.
Place of publication, distribution, etc. New Delhi
Name of publisher, distributor, etc. CBS Pub.
Date of publication, distribution, etc. 2024
300 ## - PHYSICAL DESCRIPTION
Extent 207
650 ## - SUBJECT ADDED ENTRY--TOPICAL TERM
Topical term or geographic name entry element AGRICULTURE
700 ## - ADDED ENTRY--PERSONAL NAME
Personal name Rao, D.V.S.
942 ## - ADDED ENTRY ELEMENTS (KOHA)
Source of classification or shelving scheme Dewey Decimal Classification
Koha item type Book
Suppress in OPAC No
Holdings
Withdrawn status Lost status Source of classification or shelving scheme Damaged status Not for loan Home library Current library Date acquired Total checkouts Full call number Barcode Date last seen Price effective from Koha item type
    Dewey Decimal Classification     MRSPTU Central Library MRSPTU Central Library 10/29/2024   338.17 RA-E 41674 10/29/2024 10/29/2024 Book
    Dewey Decimal Classification     MRSPTU Central Library MRSPTU Central Library 10/29/2024   338.17 RA-E 41675 10/29/2024 10/29/2024 Book
    Dewey Decimal Classification     MRSPTU Central Library MRSPTU Central Library 10/29/2024   338.17 RA-E 41676 10/29/2024 10/29/2024 Book

Website Designed and Developed by MRSPTU Central Library Team

E-mail Id: librarian@mrsptu.ac.in